| 000 | 00561cam a22001817i 4500 | ||
|---|---|---|---|
| 005 | 20251203111908.0 | ||
| 008 | 250721s1995 le 000 0 ara d | ||
| 082 | 1 | 4 |
_a214.2 _bش ل ب |
| 100 | 1 |
_aشلبي، محمود> _eمؤلف. |
|
| 245 | 1 | 0 |
_aحياة أهل الجنة / _cتاليف محمود شلبي. |
| 264 | 3 | 1 |
_aبيروت : _bدار الجيل، _c1995. |
| 300 | _a318صفحة. | ||
| 650 | 1 | 7 | _aالعقيدة الدينية. |
| 650 | 1 | 7 | _aالجنة. |
| 650 | 1 | 7 | _aالحياة الأخرة. |
| 942 |
_2ddc _cBK |
||
| 999 |
_c30579 _d30579 |
||